Statistics for Letra de Ai Se Eu Te Pego

Click here to take the quiz!

General Stats

  • This quiz has been taken 28 times
  • The average score is 19 of 26

Answer Stats

SugestãoResposta% Correct
Ai se eu te ____, ai ai se eu te ____Pego
95%
Ai se eu te ____, ai ai se eu te ____Pego
95%
Ai se eu te ____, ai ai se eu te ____Pego
95%
Ai se eu te ____, ai ai se eu te ____Pego
95%
Ai se eu te ____, ai ai se eu te ____Pego
95%
Ai se eu te ____, ai ai se eu te ____Pego
95%
Assim você me ____Mata
82%
Assim você me ____Mata
82%
Assim você me ____Mata
82%
Assim você me ____Mata
82%
Assim você me ____Mata
82%
Assim você me ____Mata
82%
_____, _____Nossa
82%
_____, _____Nossa
82%
_____, _____Nossa
82%
_______, _______Delícia
73%
_______, _______Delícia
73%
_______, _______Delícia
73%
______ na baladaSábado
59%
______ na baladaSábado
59%
Tomei _______ e comecei a falarCoragem
50%
Tomei _______ e comecei a falarCoragem
50%
A galera começou a ______Dançar
50%
A galera começou a ______Dançar
50%
E passou a ______ mais lindaMenina
41%
E passou a ______ mais lindaMenina
41%

Score Distribution

Percentile by Number Answered

Percent of People with Each Score

Your Score History

You have not taken this quiz